Mobile Homes Act 2013 (Record no. 114929)

MARC details
000 -LEADER
fixed length control field 00983cad a22002295a 4500
001 - CONTROL NUMBER
control field L157709
008 - FIXED-LENGTH DATA ELEMENTS--GENERAL INFORMATION
fixed length control field 130328s2013 xxk f l 000 0 eng d
035 ## - SYSTEM CONTROL NUMBER
System control number (Sirsi) u157709
041 0# - LANGUAGE CODE
Language code of text/sound track or separate title eng
110 2# - MAIN ENTRY--CORPORATE NAME
Corporate name or jurisdiction name as entry element United Kingdom
Form subheading Laws, etc.
9 (RLIN) 5044
245 00 - TITLE STATEMENT
Title Mobile Homes Act 2013
Medium [electronic resource]
260 ## - PUBLICATION, DISTRIBUTION, ETC.
Place of publication, distribution, etc. London
Name of publisher, distributor, etc. Legislation.gov.uk
Date of publication, distribution, etc. 2013
520 ## - SUMMARY, ETC.
Summary, etc. Deals with the licensing of mobile home sites by local authorities including ability to charge fees to register and the management of such sites by fit and competent persons. Amends Caravan Sites and Control of Development Act 1960
521 ## - TARGET AUDIENCE NOTE
Target audience note Advanced
590 ## - LOCAL NOTE (RLIN)
Local note KA
650 24 - SUBJECT ADDED ENTRY--TOPICAL TERM
Topical term or geographic name entry element MOBILE HOMES ACT 2013
650 24 - SUBJECT ADDED ENTRY--TOPICAL TERM
Topical term or geographic name entry element CARAVAN SITES AND CONTROL OF DEVELOPMENT ACT 1960
651 #4 - SUBJECT ADDED ENTRY--GEOGRAPHIC NAME
Geographic name England
Chronological subdivision 886-
690 ## - LOCAL SUBJECT ADDED ENTRY--TOPICAL TERM (OCLC, RLIN)
Topical term or geographic name as entry element Residential property
9 (RLIN) 6266
856 40 - ELECTRONIC LOCATION AND ACCESS
Uniform Resource Identifier <a href="https://www.legislation.gov.uk/ukpga/2013/14/crossheading/licensing/enacted">https://www.legislation.gov.uk/ukpga/2013/14/crossheading/licensing/enacted</a>
Public note View the item free of charge online at www.legislation.gov.uk
942 ## - ADDED ENTRY ELEMENTS (KOHA)
Suppress in OPAC 0
Holdings
Withdrawn status Lost status Source of classification or shelving scheme Damaged status Not for loan Home library Current library Shelving location Date acquired Total Checkouts Full call number Barcode Date last seen Copy number Price effective from Koha item type
    Dewey Decimal Classification     Virtual Virtual Online 28/03/2013   ONLINE PUBLICATION 157709-2001 06/08/2019 1 06/08/2019 Book